000 00437nam a2200157Ia 4500
003 OSt
005 20200608132816.0
008 190216s9999||||xx |||||||||||||| ||und||
040 _coclc
082 _a342
_bKAS/M
100 _aKasthuri, J
_92630
245 0 _aModern Governments /
_c J Kasthuri
260 _bEnnes Publications,
_c1998.
_aUdumalpet:
300 _a235p
942 _cBK
_2ddc
_h342
_iKAS/M
_k342
_mKAS/M
999 _c20610
_d20610